'Let' There Be Words Quiz Stats

 Plays Quiz Updated Jan 9, 2015

Challenge
Share
Tweet
Embed
Score 0/28 Timer 02:00
4 Plays Today
% Correct
pig
91.5%
tab
91.5%
brace
91.2%
gob
90.1%
book
89.8%
out
89.7%
gaunt
89.5%
drop
88.6%
cut
88.6%
star
86.7%
leaf
86.4%
sub
86.3%
in
86.1%
scar
85.4%
% Correct
ring
84.3%
ham
82.3%
pal
80.7%
plate
79.8%
eye
77.4%
ow
71.7%
is
70.2%
cap
69.9%
trip
65.7%
coup
63.2%
cover
62.7%
sing
48.3%
stream
34%
sty
32.1%

You're not logged in!

Compare scores with friends on all Sporcle quizzes.
Join for Free
OR
Log In

You Might Also Like...

Show Comments

Extras

Top Quizzes Today


Score Distribution

Your Account Isn't Verified!

In order to create a playlist on Sporcle, you need to verify the email address you used during registration. Go to your Sporcle Settings to finish the process.

Report this User

Report this user for behavior that violates our Community Guidelines.

Details: